[Event "British Columbia-ch"]
[Site "Victoria CAN"]
[Date "2021.10.08"]
[Round "1.3"]
[White "Patterson, Roger"]
[Black "Doknjas, Neil"]
[Result "1/2-1/2"]
[WhiteElo "2085"]
[BlackElo "2218"]
[PlyCount "141"]
[EventDate "2021.10.08"]
[EventType "tourn"]
[EventRounds "7"]
[EventCountry "CAN"]

1. c4 e6 2. e4 d5 3. exd5 exd5 4. d4 Nf6 5. Nf3 Ne4 6. Be2 Bb4+ 7. Nbd2 dxc4 8.
O-O Bxd2 9. Bxd2 Nxd2 10. Qxd2 Be6 11. Qb4 Qd5 12. Ne5 Nc6 13. Nxc6 Qxc6 14.
Bf3 Qb6 15. Qa4+ Kd8 16. d5 Bd7 17. Qxc4 Bb5 18. Qh4+ Qf6 19. Qxf6+ gxf6 20.
Rfd1 Re8 21. Rd2 Re5 22. Rad1 Kd7 23. d6 c6 24. Bg4+ Kd8 25. f4 Re4 26. g3 Bc4
27. Bf5 Re8 28. a3 Bb3 29. Rc1 Be6 30. Be4 Kd7 31. Kf2 Bg4 32. Bg2 Re6 33. h3
Bf5 34. g4 Be4 35. f5 Re5 36. Bxe4 Rxe4 37. Rc3 Rae8 38. Rb3 b6 39. Rbd3 R8e5
40. b4 a5 41. bxa5 Rxa5 42. Rb3 b5 43. Rbd3 Re5 44. Re2 Rxe2+ 45. Kxe2 c5 46.
Kd2 c4 47. Rd5 h5 48. gxh5 Rxa3 49. Rxb5 Kxd6 50. Rb7 Rxh3 51. Rxf7 Ke5 52. h6
Rxh6 53. Rc7 Rh4 54. Rc5+ Kd4 55. Rc6 Rh6 56. Rd6+ Ke5 57. Rc6 Kd5 58. Re6 Kd4
59. Rd6+ Ke5 60. Rc6 Rh5 61. Rc5+ Kd4 62. Rc6 c3+ 63. Kc2 Rh2+ 64. Kc1 Rh6 65.
Kc2 Ke4 66. Rxc3 Rh5 67. Kd2 Rxf5 68. Ke2 Rf4 69. Rc5 Rg4 70. Kf2 Rg5 71. Rxg5
1/2-1/2

[Event "British Columbia-ch"]
[Site "Victoria CAN"]
[Date "2021.10.08"]
[Round "1.4"]
[White "MacKinnon, Keith"]
[Black "Huang, Patrick"]
[Result "1-0"]
[WhiteElo "2268"]
[BlackElo "2247"]
[PlyCount "75"]
[EventDate "2021.10.08"]
[EventType "tourn"]
[EventRounds "7"]
[EventCountry "CAN"]

1. c4 b6 2. Nf3 Nf6 3. g3 Bb7 4. Bg2 e6 5. O-O Be7 6. Nc3 O-O 7. d4 Ne4 8. Qc2
Nxc3 9. Qxc3 f5 10. h4 Qe8 11. Bf4 d6 12. d5 Bf6 13. Qd2 e5 14. Bg5 Nd7 15. Bh3
h6 16. Bxf6 Rxf6 17. b4 Qh5 18. Rac1 Raf8 19. Kh2 Bc8 20. Rg1 e4 21. Nd4 f4 22.
Ne6 fxg3+ 23. fxg3 Rf2+ 24. Rg2 Ne5 25. Qc2 Rxg2+ 26. Kxg2 Rf6 27. Qxe4 Qf7 28.
c5 Rf2+ 29. Kg1 Ba6 30. Nf4 Rxf4 31. gxf4 Qg6+ 32. Bg2 Qxe4 33. Bxe4 Ng4 34.
cxd6 cxd6 35. Rc7 Bxe2 36. Bg6 Kf8 37. Rc8+ Ke7 38. Re8+ 1-0

[Event "British Columbia-ch"]
[Site "Victoria CAN"]
[Date "2021.10.09"]
[Round "2.1"]
[White "McLaren, Brian"]
[Black "Huang, Patrick"]
[Result "0-1"]
[WhiteElo "2142"]
[BlackElo "2247"]
[PlyCount "56"]
[EventDate "2021.10.08"]
[EventType "tourn"]
[EventRounds "7"]
[EventCountry "CAN"]

1. Nf3 Nf6 2. g3 d5 3. d3 Bf5 4. Bg2 h6 5. Nbd2 e6 6. O-O Be7 7. Qe1 O-O 8. e4
Bh7 9. e5 Nfd7 10. Qe2 c5 11. Re1 Nc6 12. Nf1 Qc7 13. h4 Rac8 14. N1h2 b5 15.
Bf4 c4 16. d4 Nb4 17. Rec1 c3 18. b3 Nc6 19. a3 Qa5 20. Ng4 Bxa3 21. Nxh6+ gxh6
22. Bxh6 Bxc1 23. Rxa5 Bxh6 24. Rxb5 Rc7 25. Nh2 a6 26. Qh5 Bg7 27. Rc5 Nxc5
28. dxc5 Nxe5 0-1

[Event "British Columbia-ch"]
[Site "Victoria CAN"]
[Date "2021.10.09"]
[Round "2.2"]
[White "Doknjas, Neil"]
[Black "MacKinnon, Keith"]
[Result "1-0"]
[WhiteElo "2218"]
[BlackElo "2268"]
[PlyCount "69"]
[EventDate "2021.10.08"]
[EventType "tourn"]
[EventRounds "7"]
[EventCountry "CAN"]

1. e4 c5 2. Nf3 e6 3. d4 cxd4 4. Nxd4 a6 5. Nc3 Qc7 6. Bd3 Nf6 7. O-O Bc5 8.
Nb3 Be7 9. a4 Nc6 10. f4 d6 11. Be3 b6 12. Nd2 O-O 13. Nc4 Rb8 14. Kh1 d5 15.
Ne5 dxe4 16. Nxe4 Nd5 17. Bf2 f5 18. Nxc6 Qxc6 19. Bd4 Bb7 20. Rf3 fxe4 21.
Bxe4 Bf6 22. Bxf6 Rxf6 23. Qd3 g6 24. c4 Qc5 25. cxd5 exd5 26. Qb3 Re8 27. Rc3
Qd6 28. Bf3 Rxf4 29. Rd3 Re5 30. g3 Rff5 31. Rad1 Kg7 32. g4 Rxf3 33. Rxf3 d4
34. Qf7+ Kh6 35. g5+ 1-0

[Event "British Columbia-ch"]
[Site "Victoria CAN"]
[Date "2021.10.09"]
[Round "2.3"]
[White "Kenney, Jason"]
[Black "Patterson, Roger"]
[Result "1-0"]
[WhiteElo "2255"]
[BlackElo "2085"]
[PlyCount "65"]
[EventDate "2021.10.08"]
[EventType "tourn"]
[EventRounds "7"]
[EventCountry "CAN"]

1. e4 c5 2. Nc3 e6 3. Nf3 Be7 4. g3 Nc6 5. d4 cxd4 6. Nxd4 Nf6 7. Bg2 O-O 8.
O-O d6 9. Nxc6 bxc6 10. e5 dxe5 11. Bxc6 Rb8 12. Qxd8 Rxd8 13. Rd1 Rxd1+ 14.
Nxd1 Nd5 15. c4 Nb4 16. Be4 f5 17. a3 fxe4 18. axb4 Rxb4 19. Rxa7 Rxc4 20. Be3
Bb4 21. Kg2 Rc6 22. Ra4 Bd6 23. Nc3 Bb7 24. Ra7 Ba6 25. Nxe4 Bc4 26. Nxd6 Rxd6
27. Kf3 Bd3 28. b4 e4+ 29. Kf4 Rd5 30. Bc5 Rf5+ 31. Ke3 Rf3+ 32. Kd4 Rxf2 33.
Ra8+ 1-0

[Event "British Columbia-ch"]
[Site "Victoria CAN"]
[Date "2021.10.09"]
[Round "2.4"]
[White "Morgan, Scott"]
[Black "Doknjas, John"]
[Result "0-1"]
[WhiteElo "2068"]
[BlackElo "2299"]
[PlyCount "66"]
[EventDate "2021.10.08"]
[EventType "tourn"]
[EventRounds "7"]
[EventCountry "CAN"]

1. e4 c5 2. Nc3 a6 3. f4 e6 4. Nf3 d5 5. d3 b5 6. Qe2 Be7 7. g3 Nf6 8. Bg2 O-O
9. O-O Nc6 10. Bd2 b4 11. Na4 dxe4 12. dxe4 a5 13. Rfe1 Ba6 14. Qd1 c4 15. c3
Qc7 16. h3 Rfd8 17. e5 Nd5 18. Qc2 h6 19. Kh2 Bf8 20. Rad1 Rab8 21. b3 bxc3 22.
Nxc3 Ndb4 23. Qe4 cxb3 24. f5 Bd3 25. Qh4 Bxf5 26. g4 Bg6 27. Ne4 Nd3 28. Kh1
Nxe1 29. Rxe1 Bxe4 30. Rxe4 b2 31. g5 b1=Q+ 32. Kh2 Qxe4 33. Qxe4 Nxe5 0-1

[Event "British Columbia-ch"]
[Site "Victoria CAN"]
[Date "2021.10.09"]
[Round "3.1"]
[White "Doknjas, John"]
[Black "McLaren, Brian"]
[Result "1-0"]
[WhiteElo "2299"]
[BlackElo "2142"]
[PlyCount "99"]
[EventDate "2021.10.08"]
[EventType "tourn"]
[EventRounds "7"]
[EventCountry "CAN"]

1. e4 Nf6 2. e5 Nd5 3. c4 Nb6 4. d4 d6 5. f4 g6 6. Nc3 Bg7 7. Nf3 O-O 8. h3 f6
9. exd6 exd6 10. Be2 a5 11. O-O Na6 12. Be3 Re8 13. Bf2 c6 14. d5 c5 15. a3 f5
16. Bd3 Nd7 17. Qb3 Nc7 18. Rfe1 h6 19. Rxe8+ Nxe8 20. Re1 Ndf6 21. Bh4 Bd7 22.
Na4 Qc7 23. Nb6 Ra6 24. Nxd7 Qxd7 25. Re6 Qf7 26. Bc2 Ra8 27. Qe3 Kf8 28. Ba4
Nc7 29. Rxd6 b5 30. Bc2 Nfe8 31. Rc6 bxc4 32. Qxc5+ Kg8 33. Qxc4 Kh7 34. d6
Qxc4 35. Rxc4 Ne6 36. d7 Nf6 37. Rc8 Ra7 38. d8=Q Nxd8 39. Rxd8 Nh5 40. g4 Nxf4
41. gxf5 Bxb2 42. fxg6+ Kg7 43. Bf5 Bxa3 44. Bf2 Nxh3+ 45. Bxh3 Rc7 46. Bf5 Bc5
47. Bd4+ Bxd4+ 48. Nxd4 Kf6 49. Rf8+ Ke5 50. Ne6 1-0

[Event "British Columbia-ch"]
[Site "Victoria CAN"]
[Date "2021.10.09"]
[Round "3.2"]
[White "Patterson, Roger"]
[Black "Morgan, Scott"]
[Result "1-0"]
[WhiteElo "2085"]
[BlackElo "2068"]
[PlyCount "71"]
[EventDate "2021.10.08"]
[EventType "tourn"]
[EventRounds "7"]
[EventCountry "CAN"]

1. c4 e5 2. Nc3 Nc6 3. g3 Nf6 4. Bg2 Bb4 5. Nf3 O-O 6. O-O Bxc3 7. bxc3 Qe7 8.
d3 d6 9. Rb1 Rb8 10. Ne1 Bd7 11. Nc2 Nd8 12. e4 Ba4 13. Qe2 Bxc2 14. Qxc2 Qd7
15. f4 Ne8 16. fxe5 dxe5 17. Ba3 Nd6 18. Qb3 Re8 19. Rbd1 Qe6 20. c5 Qxb3 21.
axb3 Nb5 22. Bb2 Ne6 23. b4 Rbd8 24. Rf2 Re7 25. Bf1 a6 26. Rfd2 Red7 27. Bh3
Re7 28. Kf2 Kf8 29. Ke3 c6 30. Ra1 g6 31. Rf2 Kg7 32. Bf1 f6 33. h4 h5 34. Bh3
Kf7 35. Raf1 Kg7 36. Rxf6 1-0

[Event "British Columbia-ch"]
[Site "Victoria CAN"]
[Date "2021.10.09"]
[Round "3.3"]
[White "MacKinnon, Keith"]
[Black "Kenney, Jason"]
[Result "1/2-1/2"]
[WhiteElo "2268"]
[BlackElo "2255"]
[PlyCount "59"]
[EventDate "2021.10.08"]
[EventType "tourn"]
[EventRounds "7"]
[EventCountry "CAN"]

1. c4 Nf6 2. Nf3 g6 3. Nc3 Bg7 4. e4 d6 5. d4 O-O 6. h3 e5 7. d5 Na6 8. Bg5 h6
9. Be3 Nc5 10. Nd2 Nh5 11. b4 Na6 12. a3 Qe8 13. c5 dxc5 14. b5 Nb8 15. Bxc5
Nd7 16. Bxf8 Bxf8 17. g3 Nc5 18. Be2 Nf6 19. Bf3 a6 20. a4 Nd3+ 21. Ke2 Nb4 22.
Bg2 b6 23. Qb3 Nd7 24. Rhb1 a5 25. Nd1 Nc5 26. Qc4 Bd7 27. Nc3 Nc2 28. Ra2 Nb4
29. Raa1 Nc2 30. Ra2 1/2-1/2

[Event "British Columbia-ch"]
[Site "Victoria CAN"]
[Date "2021.10.09"]
[Round "3.4"]
[White "Huang, Patrick"]
[Black "Doknjas, Neil"]
[Result "1/2-1/2"]
[WhiteElo "2247"]
[BlackElo "2218"]
[PlyCount "102"]
[EventDate "2021.10.08"]
[EventType "tourn"]
[EventRounds "7"]
[EventCountry "CAN"]

1. d4 d5 2. Bf4 Nf6 3. e3 c5 4. c3 Qb6 5. Qc2 g6 6. Nd2 Bg7 7. h3 Nc6 8. Ngf3
O-O 9. Be2 Nd7 10. O-O e5 11. dxe5 Ndxe5 12. Rfd1 Be6 13. Nxe5 Nxe5 14. Nf3
Nxf3+ 15. Bxf3 Rad8 16. Rd2 Rd7 17. Rad1 Rfd8 18. Bg5 f6 19. Bf4 g5 20. Bg3 f5
21. Be2 d4 22. cxd4 cxd4 23. Bc4 Kh8 24. exd4 Rxd4 25. Bxe6 Qxe6 26. Rxd4 Rxd4
27. Bb8 Rxd1+ 28. Qxd1 Qxa2 29. Bxa7 h6 30. Bd4 Qe6 31. Bxg7+ Kxg7 32. Qd4+ Kg6
33. Kf1 h5 34. f4 gxf4 35. Qxf4 Qa6+ 36. Kg1 Qa1+ 37. Kh2 Qxb2 38. Qd6+ Qf6 39.
Qg3+ Kh7 40. Qc7+ Qg7 41. Qf4 Qf7 42. Qe5 f4 43. Qe4+ Kg8 44. Qe5 Kf8 45. Qb8+
Kg7 46. Qe5+ Kg6 47. Qe4+ Kh6 48. Qe5 h4 49. Qd6+ Kg7 50. Qe5+ Kh7 51. Qg5 Qc7
1/2-1/2

[Event "British Columbia-ch"]
[Site "Victoria CAN"]
[Date "2021.10.10"]
[Round "4.1"]
[White "McLaren, Brian"]
[Black "Doknjas, Neil"]
[Result "0-1"]
[WhiteElo "2142"]
[BlackElo "2218"]
[PlyCount "72"]
[EventDate "2021.10.08"]
[EventType "tourn"]
[EventRounds "7"]
[EventCountry "CAN"]

1. g3 d5 2. Bg2 Nf6 3. d3 e6 4. Nd2 Be7 5. e4 c5 6. Ngf3 Nc6 7. O-O Qc7 8. Re1
O-O 9. e5 Nd7 10. Qe2 b5 11. a3 a5 12. h4 Ba6 13. Nf1 b4 14. Bf4 c4 15. dxc4
Bxc4 16. Qd1 bxa3 17. bxa3 Rfc8 18. Ne3 Ba6 19. Nxd5 exd5 20. e6 Bd6 21. exd7
Rd8 22. Bxd6 Qxd6 23. Bh3 g6 24. Qd2 f5 25. g4 fxg4 26. Bxg4 Rxd7 27. Bxd7 Qxd7
28. Qg5 Rf8 29. Ne5 Nxe5 30. Rxe5 Qa4 31. Re3 Bb7 32. Rae1 d4 33. Rg3 Qxc2 34.
f3 d3 35. Rg2 Qc4 36. Rf2 Bxf3 0-1

[Event "British Columbia-ch"]
[Site "Victoria CAN"]
[Date "2021.10.10"]
[Round "4.2"]
[White "Kenney, Jason"]
[Black "Huang, Patrick"]
[Result "1/2-1/2"]
[WhiteElo "2255"]
[BlackElo "2247"]
[PlyCount "98"]
[EventDate "2021.10.08"]
[EventType "tourn"]
[EventRounds "7"]
[EventCountry "CAN"]

1. e4 c5 2. Nc3 d6 3. d4 cxd4 4. Qxd4 Nc6 5. Qd2 g6 6. b3 Bg7 7. Bb2 Nf6 8.
O-O-O a6 9. f3 Qa5 10. Kb1 O-O 11. g4 Be6 12. h4 Rfd8 13. Nd5 Qxd2 14. Rxd2
Bxd5 15. exd5 Ne5 16. Be2 Rdc8 17. Nh3 b5 18. Nf2 Rab8 19. Kc1 Rc5 20. Rhd1
Ned7 21. f4 Nb6 22. Bf3 Rbc8 23. Bd4 Nfd7 24. Bxc5 Nxc5 25. Re2 Kf8 26. Nd3 a5
27. Nxc5 Rxc5 28. Rd3 b4 29. Kd2 Nc8 30. Re4 Nb6 31. Re2 Nc8 32. Re4 Nb6 33.
Ree3 Nc8 34. g5 Na7 35. c4 bxc3+ 36. Rxc3 Bxc3+ 37. Rxc3 Nb5 38. Rxc5 dxc5 39.
Be2 Nd6 40. h5 Ke8 41. h6 Kd7 42. Kc3 Kc7 43. Bd3 Kb6 44. a4 Kc7 45. Kd2 Kd7
46. Ke3 e6 47. dxe6+ Kxe6 48. Bc4+ Nxc4+ 49. bxc4 Kd6 1/2-1/2

[Event "British Columbia-ch"]
[Site "Victoria CAN"]
[Date "2021.10.10"]
[Round "4.3"]
[White "Morgan, Scott"]
[Black "MacKinnon, Keith"]
[Result "1/2-1/2"]
[WhiteElo "2068"]
[BlackElo "2268"]
[PlyCount "59"]
[EventDate "2021.10.08"]
[EventType "tourn"]
[EventRounds "7"]
[EventCountry "CAN"]

1. e4 d5 2. exd5 Qxd5 3. Nc3 Qd6 4. d4 Nf6 5. Bc4 a6 6. Nge2 b5 7. Bb3 Bb7 8.
Bf4 Qd7 9. O-O e6 10. Re1 c5 11. dxc5 Qc6 12. f3 Bxc5+ 13. Kf1 Qb6 14. Bg3 O-O
15. Nf4 Nc6 16. Bh4 Bg1 17. Ne4 Nxe4 18. fxe4 Ne5 19. Nh3 Bc5 20. Qh5 Nc4 21.
Bxc4 bxc4 22. Rad1 f5 23. e5 Be4 24. Ng5 h6 25. Qg6 hxg5 26. Rd7 Bxg2+ 27. Ke2
Bf3+ 28. Kf1 Bg2+ 29. Ke2 Bf3+ 30. Kf1 1/2-1/2

[Event "British Columbia-ch"]
[Site "Victoria CAN"]
[Date "2021.10.10"]
[Round "4.4"]
[White "Doknjas, John"]
[Black "Patterson, Roger"]
[Result "1/2-1/2"]
[WhiteElo "2299"]
[BlackElo "2085"]
[PlyCount "106"]
[EventDate "2021.10.08"]
[EventType "tourn"]
[EventRounds "7"]
[EventCountry "CAN"]

1. d4 Nf6 2. c4 g6 3. f3 Bg7 4. e4 d6 5. Nc3 O-O 6. Be3 e5 7. d5 c6 8. Qd2 cxd5
9. cxd5 Bd7 10. Nge2 Na6 11. g4 Nc5 12. Ng3 Qa5 13. Rb1 Na4 14. Nb5 Qxd2+ 15.
Kxd2 Bxb5 16. Bxb5 Nc5 17. b4 a6 18. bxc5 axb5 19. Rb2 dxc5 20. Bxc5 Bh6+ 21.
Kd3 Rfc8 22. Be7 Nd7 23. Ne2 Nc5+ 24. Bxc5 Rxc5 25. Nc3 Ra3 26. Rb3 Rxb3 27.
axb3 b4 28. Na2 Bf8 29. Nxb4 Rb5 30. Na2 Rxb3+ 31. Nc3 Rb2 32. Rb1 Rxh2 33.
Rxb7 Rf2 34. Rb8 Rxf3+ 35. Kc4 Kg7 36. Rd8 Rg3 37. d6 Bxd6 38. Rxd6 Rxg4 39.
Kd5 Rg5 40. Kc4 h5 41. Rd3 h4 42. Rh3 Rg4 43. Kd3 f5 44. Ke3 Kh6 45. exf5 gxf5
46. Kf2 Kg5 47. Ne2 f4 48. Ra3 Kf5 49. Ra8 Rg6 50. Rh8 Kg4 51. Re8 h3 52. Rxe5
h2 53. Kg2 f3+ 1/2-1/2

[Event "British Columbia-ch"]
[Site "Victoria CAN"]
[Date "2021.10.10"]
[Round "5.2"]
[White "MacKinnon, Keith"]
[Black "Doknjas, John"]
[Result "1/2-1/2"]
[WhiteElo "2268"]
[BlackElo "2299"]
[PlyCount "48"]
[EventDate "2021.10.08"]
[EventType "tourn"]
[EventRounds "7"]
[EventCountry "CAN"]

1. c4 c5 2. Nf3 Nf6 3. Nc3 e6 4. g3 b6 5. Bg2 Bb7 6. O-O Be7 7. Re1 d5 8. cxd5
Nxd5 9. e4 Nxc3 10. bxc3 O-O 11. d4 Re8 12. a4 Nd7 13. d5 exd5 14. exd5 Bf6 15.
Rxe8+ Qxe8 16. Bb2 Ne5 17. Nxe5 Qxe5 18. a5 Re8 19. axb6 axb6 20. Qb3 h6 21.
Rd1 Qe2 22. Bf1 Qf3 23. Bg2 Qe2 24. Bf1 Qf3 1/2-1/2

[Event "British Columbia-ch"]
[Site "Victoria CAN"]
[Date "2021.10.10"]
[Round "5.3"]
[White "Huang, Patrick"]
[Black "Morgan, Scott"]
[Result "1-0"]
[WhiteElo "2247"]
[BlackElo "2068"]
[PlyCount "47"]
[EventDate "2021.10.08"]
[EventType "tourn"]
[EventRounds "7"]
[EventCountry "CAN"]

1. d4 Nf6 2. Bf4 g6 3. Nc3 Bg7 4. e4 d6 5. Qd2 a6 6. f3 Nfd7 7. Bh6 O-O 8. h4
f6 9. Bc4+ Kh8 10. Nge2 e5 11. O-O-O c6 12. g4 Qe7 13. Rdg1 Nb6 14. Bb3 Be6 15.
d5 cxd5 16. exd5 Bg8 17. Be3 N8d7 18. h5 gxh5 19. Ng3 f5 20. Nxf5 Rxf5 21. gxf5
Bf7 22. Ne4 Rd8 23. Bxb6 Nxb6 24. Rxg7 1-0

[Event "British Columbia-ch"]
[Site "Victoria CAN"]
[Date "2021.10.10"]
[Round "5.4"]
[White "Doknjas, Neil"]
[Black "Kenney, Jason"]
[Result "0-1"]
[WhiteElo "2218"]
[BlackElo "2255"]
[PlyCount "116"]
[EventDate "2021.10.08"]
[EventType "tourn"]
[EventRounds "7"]
[EventCountry "CAN"]

1. e4 c6 2. d4 d5 3. e5 c5 4. Nf3 Nc6 5. c4 cxd4 6. Nxd4 dxc4 7. Nxc6 Qxd1+ 8.
Kxd1 bxc6 9. Bxc4 Bf5 10. Be3 e6 11. Nc3 Bb4 12. Rc1 Ne7 13. a3 Ba5 14. Na4 Bc7
15. f4 g5 16. g3 h5 17. Nc5 h4 18. Ke2 O-O-O 19. Kf3 g4+ 20. Ke2 Bb6 21. Bf2
hxg3 22. hxg3 Rh3 23. Bd3 Rxd3 24. Rxh3 gxh3 25. Nxd3 Bxd3+ 26. Kxd3 Bxf2 27.
Ke2 Bxg3 28. Kf3 Nf5 29. Rxc6+ Kb7 30. Rc1 Nd4+ 31. Kg4 Bxf4 32. Rf1 Bxe5 33.
Rxf7+ Kb6 34. Kxh3 Nf5 35. b3 Bb2 36. a4 a5 37. Rf8 Kc5 38. Kg4 Nd4 39. Rh8 Bc3
40. Kf4 Bb4 41. Re8 Kd5 42. Rd8+ Bd6+ 43. Ke3 Nxb3 44. Rh8 Bb4 45. Rd8+ Ke5 46.
Rd1 Nc5 47. Ra1 Kd5 48. Kf4 e5+ 49. Ke3 e4 50. Ke2 Kc4 51. Ke3 Bd2+ 52. Ke2 e3
53. Kd1 Kd3 54. Ra3+ Bc3 55. Ra2 Nxa4 56. Rh2 Nb2+ 57. Kc1 Nc4 58. Kd1 Bd2 0-1

[Event "British Columbia-ch"]
[Site "Victoria CAN"]
[Date "2021.10.11"]
[Round "6.2"]
[White "Morgan, Scott"]
[Black "Doknjas, Neil"]
[Result "0-1"]
[WhiteElo "2068"]
[BlackElo "2218"]
[PlyCount "54"]
[EventDate "2021.10.08"]
[EventType "tourn"]
[EventRounds "7"]
[EventCountry "CAN"]

1. e4 c6 2. Nc3 d5 3. Nf3 dxe4 4. Nxe4 Nf6 5. Nc3 Bg4 6. Bc4 e6 7. h3 Bh5 8. g4
Bg6 9. Ne5 Qd4 10. Qe2 Nbd7 11. Nxd7 Nxd7 12. d3 Bb4 13. Bd2 b5 14. Bb3 Nc5 15.
O-O-O a5 16. Be3 Qd6 17. Bxc5 Bxc5 18. d4 Bxd4 19. Nxb5 cxb5 20. Qxb5+ Kf8 21.
Rxd4 Qxd4 22. Rd1 Qf4+ 23. Kb1 Be4 24. Qc5+ Kg8 25. Qxa5 h6 26. Qc5 Kh7 27. Rd7
Rhd8 0-1

[Event "British Columbia-ch"]
[Site "Victoria CAN"]
[Date "2021.10.11"]
[Round "6.3"]
[White "Doknjas, John"]
[Black "Huang, Patrick"]
[Result "1-0"]
[WhiteElo "2299"]
[BlackElo "2247"]
[PlyCount "95"]
[EventDate "2021.10.08"]
[EventType "tourn"]
[EventRounds "7"]
[EventCountry "CAN"]

1. e4 c5 2. Nf3 d6 3. d4 cxd4 4. Nxd4 Nf6 5. Nc3 a6 6. h3 e5 7. Nde2 Be7 8. g4
h6 9. Bg2 b5 10. a4 b4 11. Nd5 Nxd5 12. Qxd5 Ra7 13. Be3 Be6 14. Qd3 Rd7 15. c3
d5 16. exd5 Bxd5 17. Bxd5 Rxd5 18. Qe4 O-O 19. O-O a5 20. c4 Rd7 21. Ng3 Qc7
22. Nf5 Nc6 23. Rfd1 Rfd8 24. Rd5 Bf8 25. Rad1 Qb7 26. Rxd7 Rxd7 27. Rd5 b3 28.
Rb5 Rd1+ 29. Kg2 Qd7 30. Rxb3 Nb4 31. Qa8 g6 32. Bxh6 Qd8 33. Qxd8 Rxd8 34.
Bxf8 Kxf8 35. Ne3 Ke7 36. Nd5+ Nxd5 37. cxd5 Rxd5 38. Rb5 Rxb5 39. axb5 g5 40.
Kf3 Kd6 41. Ke4 Kc5 42. Kf5 Kxb5 43. Kxg5 Kc4 44. h4 Kb3 45. h5 Kxb2 46. h6 a4
47. h7 f6+ 48. Kxf6 1-0

[Event "British Columbia-ch"]
[Site "Victoria CAN"]
[Date "2021.10.11"]
[Round "6.4"]
[White "Patterson, Roger"]
[Black "MacKinnon, Keith"]
[Result "1/2-1/2"]
[WhiteElo "2085"]
[BlackElo "2268"]
[Annotator "roger"]
[PlyCount "100"]
[EventDate "2021.10.08"]
[EventType "tourn"]
[EventRounds "7"]
[EventCountry "CAN"]

1. c4 e5 2. Nc3 Nf6 3. g3 Bb4 4. Bg2 O-O 5. Nf3 e4 6. Nd4 Re8 7. O-O Nc6 8. Nc2
Bxc3 9. dxc3 h6 10. Be3 Ne5 11. b3 d6 12. Bd4 Qe7 13. Ne3 c5 14. Bxe5 Qxe5 15.
Qc2 Be6 16. Rad1 Rad8 17. Rd2 Rd7 18. Qc1 Red8 19. Rfd1 a6 20. Qc2 b5 21. cxb5
axb5 22. a4 bxa4 23. bxa4 d5 24. Rb1 d4 25. cxd4 cxd4 26. Rb5 Qc7 27. Qxc7 Rxc7
28. Rb4 Rc1+ 29. Bf1 Ra1 30. Rbxd4 Ra8 31. Rd8+ {(=)} Rxd8 32. Rxd8+ Kh7 33.
Rd4 Bb3 34. Kg2 Bxa4 35. Nd5 Nxd5 36. Rxd5 e3 37. Rd3 exf2 38. Kxf2 Ra2 39. Bg2
Bb5 40. Re3 Bc4 41. h4 g6 42. Bf3 Kg7 43. Re5 Kf6 44. Rc5 Be6 45. Rb5 g5 46.
hxg5+ hxg5 47. Bd5 Bxd5 48. Rxd5 Ra4 49. Kf3 Ra3+ 50. e3 Ra4 1/2-1/2

[Event "British Columbia-ch"]
[Site "Victoria CAN"]
[Date "2021.10.11"]
[Round "7.2"]
[White "Huang, Patrick"]
[Black "Patterson, Roger"]
[Result "1-0"]
[WhiteElo "2247"]
[BlackElo "2085"]
[PlyCount "29"]
[EventDate "2021.10.08"]
[EventType "tourn"]
[EventRounds "7"]
[EventCountry "CAN"]

1. d4 Nf6 2. Bf4 g6 3. Nc3 Bg7 4. e4 O-O 5. Qd2 d6 6. Bh6 e5 7. d5 c6 8. O-O-O
cxd5 9. exd5 Nbd7 10. f3 a6 11. h4 b5 12. h5 Nxh5 13. g4 Nf4 14. Qh2 Bf6 15.
Bxf4 1-0

[Event "British Columbia-ch"]
[Site "Victoria CAN"]
[Date "2021.10.11"]
[Round "7.3"]
[White "Doknjas, Neil"]
[Black "Doknjas, John"]
[Result "1/2-1/2"]
[WhiteElo "2218"]
[BlackElo "2299"]
[PlyCount "64"]
[EventDate "2021.10.08"]
[EventType "tourn"]
[EventRounds "7"]
[EventCountry "CAN"]

1. e4 e5 2. Nf3 Nc6 3. c3 Nf6 4. d4 Nxe4 5. d5 Nb8 6. Qe2 Nf6 7. Qxe5+ Qe7 8.
Bc4 Qxe5+ 9. Nxe5 d6 10. Nf3 Be7 11. Na3 a6 12. Bf4 O-O 13. h3 Nbd7 14. O-O-O
Re8 15. Rhe1 Nf8 16. Bg5 Bd7 17. Bb3 h6 18. Be3 Ng6 19. Nc4 a5 20. Bc2 Bf8 21.
Bxg6 fxg6 22. Bf4 Rxe1 23. Nxe1 g5 24. Bh2 Bb5 25. Ne3 Re8 26. N1c2 Ne4 27. Bg1
Be7 28. f3 Ng3 29. c4 Bd7 30. Nd4 Bf6 31. Nec2 Ne2+ 32. Nxe2 Rxe2 1/2-1/2

[Event "British Columbia-ch"]
[Site "Victoria CAN"]
[Date "2021.10.11"]
[Round "7.4"]
[White "Kenney, Jason"]
[Black "Morgan, Scott"]
[Result "1-0"]
[WhiteElo "2255"]
[BlackElo "2068"]
[PlyCount "51"]
[EventDate "2021.10.08"]
[EventType "tourn"]
[EventRounds "7"]
[EventCountry "CAN"]

1. e4 e5 2. Nf3 Nc6 3. Bc4 Nf6 4. d4 exd4 5. e5 d5 6. Bb5 Ne4 7. Nxd4 Bd7 8.
Bxc6 bxc6 9. O-O Be7 10. f3 Nc5 11. Be3 O-O 12. Nd2 Ne6 13. N2b3 f6 14. Nxe6
Bxe6 15. exf6 Bxf6 16. c3 Be5 17. Bd4 Bf4 18. Qe1 Re8 19. Qf2 Qg5 20. Rfe1 Qh6
21. g3 Qg6 22. Be5 Rf8 23. Bxf4 Rxf4 24. Rxe6 Qxe6 25. gxf4 Re8 26. Nd4 1-0

[Event "British Columbia-ch Seniors Online"]
[Site "chess.com"]
[Date "2021.06.25"]
[Round "1.1"]
[White "Morgan, Scott"]
[Black "Cronin, Kent"]
[Result "1-0"]
[WhiteElo "2029"]
[BlackElo "1427"]
[PlyCount "35"]
[EventDate "2021.06.25"]
[EventType "swiss"]
[EventRounds "5"]
[EventCountry "CAN"]

1. e4 e5 2. Nf3 Nc6 3. d4 exd4 4. Bc4 d6 5. Nxd4 Nf6 6. O-O Be7 7. Nc3 O-O 8.
h3 a6 9. Nxc6 bxc6 10. Qd3 Nxe4 11. Qxe4 d5 12. Qf3 dxc4 13. Qxc6 Be6 14. Rd1
Qb8 15. Nd5 Bd6 16. Qxc4 Qb7 17. Qe4 Rfe8 18. Nf6+ 1-0

[Event "British Columbia-ch Seniors Online"]
[Site "chess.com"]
[Date "2021.06.25"]
[Round "1.2"]
[White "Deimert, Elroy"]
[Black "Haessel, Dale"]
[Result "0-1"]
[WhiteElo "1338"]
[BlackElo "2014"]
[PlyCount "70"]
[EventDate "2021.06.25"]
[EventType "swiss"]
[EventRounds "5"]
[EventCountry "CAN"]

1. e4 e5 2. Nf3 Nc6 3. Nc3 Nf6 4. d4 exd4 5. Nd5 Nb4 6. Nxf6+ Qxf6 7. a3 Nc6 8.
Bg5 Qe6 9. Bd3 h6 10. Bd2 d6 11. Qe2 g5 12. Bc4 Qe7 13. O-O-O Bg7 14. Bb5 Bd7
15. Kb1 a6 16. Bc4 O-O-O 17. Bxa6 bxa6 18. Qxa6+ Kb8 19. Qb5+ Ka8 20. Qa6+ Na7
21. Qe2 f5 22. e5 c5 23. Ba5 Rb8 24. Bc7 Bb5 25. Bxd6 Bxe2 26. Bxe7 Bxd1 27.
Rxd1 Nb5 28. Bxc5 Nc3+ 29. Kc1 Nxd1 30. Kxd1 Rxb2 31. Bxd4 Rd8 32. Kc1 Rb7 33.
Bc5 g4 34. Nh4 Bxe5 35. Nxf5 Bb2+ 0-1

[Event "British Columbia-ch Seniors Online"]
[Site "chess.com"]
[Date "2021.06.25"]
[Round "1.3"]
[White "Lee, Mau-Seng"]
[Black "Swartz, Robert"]
[Result "1-0"]
[WhiteElo "1958"]
[BlackElo "1248"]
[PlyCount "47"]
[EventDate "2021.06.25"]
[EventType "swiss"]
[EventRounds "5"]
[EventCountry "CAN"]

1. e4 d5 2. exd5 Qxd5 3. Nc3 Qd6 4. d4 Nf6 5. Bc4 Bg4 6. f3 Bf5 7. Nge2 c6 8.
Bf4 Qb4 9. Bb3 e6 10. Ng3 Bg6 11. h4 h6 12. h5 Bh7 13. Qd2 Nbd7 14. O-O-O Nb6
15. Qe2 Nbd5 16. Nxd5 Nxd5 17. Be5 Qe7 18. Ne4 Qd7 19. Rhe1 Bxe4 20. fxe4 Ne7
21. Rd3 Rg8 22. d5 cxd5 23. exd5 exd5 24. Red1 1-0